Sports Quiz

Random Sports or University Quiz

University of Arkansas Final Four Quiz Stats

 Plays Quiz not verified by Sporcle

Support Sporcle.
Go Orange.
Score 0/6 Timer 10:00
0 Plays Today
Hint Answer % Correct
National Champions1994
100%
1995
88.2%
1941
82.4%
1945
82.4%
1978
82.4%
1990
82.4%

You're not logged in!

Compare scores with friends on all Sporcle quizzes.
OR
Log In

From the Vault

US Presidents Minefield

by druhutch

It's much safer than actually running for president.
Remove Ads.
Support Sporcle.
Get the best of Sporcle when you Go Orange. This ad-free experience offers more features, more stats, and more fun while also helping to support Sporcle. Thank you for becoming a member.

Show Comments

Extras

Created Nov 27, 2017ReportNominate
Tags:University Quiz, arkansas, final, four

Top Quizzes Today


Score Distribution

Your Account Isn't Verified!

In order to create a playlist on Sporcle, you need to verify the email address you used during registration. Go to your Sporcle Settings to finish the process.

Report this User

Report this user for behavior that violates our Community Guidelines.

Details: